00986nas a2200229Ia 4500001001100000003000900011008004100020040001300061040001300074041001300087100004800100210004500148222004500193245008300238250001100321260003500332501008600367300001800453362001600471500021300487650005600700R242/45991IT-RoPAU151124c99999999xx |||||||||||| ||und|| aIT-RoPAU cIT-RoPAU aITALIANO aMarchetti GiorgiogCodice Aut. SPICS: 35260 aRIVISTA DI STORIA E CRITICA DELLA FOTOGR aRivista Di Storia E Critica Della Fotogr aRIVISTA DI STORIA E CRITICA DELLA FOTOGRAFIA, N.6 (1984)bTempo (Il) - Le Cose a1a ed. aIVREAbPRIULI & VERLUCCAc1984 bPaulus - SPICS - Società San Paolo EM (non-commercial uses only)cCopyright2015 a16 p. [47-62] aN.06 (1984) aGriglia: Cosa E', Come è Nata, Come Funziona e a Cosa Serve. Griglia Comemetodo di Restituzione della Realtà. Griglia Come Metodo di Lettura Neutrale del Lavoro Fotografico. Classificazione di Fotografie. aCOMUNICAZIONE - FOTOGRAFIAvPUBBLICAZIONE PERIODICA